| 000 | 01108nam a22003377a 4500 | ||
|---|---|---|---|
| 003 | CHAP | ||
| 005 | 20220329133756.0 | ||
| 008 | 971013s1992 r 00010 d | ||
| 010 | _a10710 | ||
| 011 | _a11682 | ||
| 035 | _a10921 | ||
| 040 | _cCHAP | ||
| 082 |
_a630.215 _bT7 |
||
| 100 | 0 | 0 |
_aTricart, Jean. _9114918 |
| 245 |
_aEcogeography and rural management _b: a contribution to the international geosphere-biosphere programme |
||
| 260 |
_aLondon : _bLongman, _c1992 |
||
| 300 |
_a265 p. _b: ilus. |
||
| 590 |
_aBATCH-UPD _b10 _c20130110 _lUCH01 _h1330 |
||
| 590 |
_aBATCH-UPD _b10 _c20130410 _lUCH01 _h0835 |
||
| 590 |
_aBATCH-UPD _b10 _c20130914 _lUCH01 _h1249 |
||
| 590 |
_aCONVERSION _b10 _c20130109 _lUCH01 _h1307 |
||
| 650 | 1 | 4 |
_aEcología agrícola. _935165 |
| 650 | 1 | 4 |
_aGeografía agrícola. _947568 |
| 650 | 1 | 4 |
_aGeografía física. _947590 |
| 650 | 1 | 4 |
_aPaisaje. _984761 |
| 650 | 1 | 4 |
_aTierras _xUtilización. _9113219 |
| 700 | 0 |
_aKiewietdeJonge, Conrad. _963186 |
|
| 901 | _aBK | ||
| 942 | _cLIBRO | ||
| 949 |
_a630.215 T7 _bBC _cLIBRO _d33724000003356 _eLIBRO _gI.178874 _h88189 _i10921 _si _t134.89 |
||
| 999 |
_c10710 _d10710 |
||